000 01641nam0a2200313 4500
001 RU\NLR\bibl\1779059
005 20260607041343.0
010 _a5-94-990-016-2
035 _a(NLR Aleph) 001769820
090 _a1630797
_c1630797
100 _a20091016d2006 |||y0rusy50 ca
101 0 _arus
102 _aRU
105 _ay |||||||||
200 1 _aПолитико-правовые ресурсы федерализма в России
_e[сборник статей по итогам дискуссий на семинарах и конференциях, проходивших в Казани и Москве в рамках проекта "Политико-правовые ресурсы федерализма в России" (2004-2006 гг.)]
_fпод ред. Рафаэля Хакимова
210 _aКазань
_cКазанский институт федерализма
_d2006
215 _a631 с.
_d24
300 _aВ надзаг.: Казан. ин-т федерализма
320 _aБиблиогр. в подстроч. примеч.
606 1 _aФедерализм
_jСъезды, совещания и т.п.
_yРоссийская Федерация
_92077763
_3RU\NLR\auth\661253475
686 _aФ3(2)12я431
686 _aХ620.4я431
702 1 _4340
_7ca
_8rus
_aХакимов
_bР. С.
_f1947-
_gРафаиль Сибгатович
_92223
_3RU\NLR\auth\7719150
712 0 2 _4570
_aКазанский институт федерализма
_9641744
_3RU\NLR\AUTH\8810070050
801 0 _aRU
_bNLR
_c20091016
_gRCR
801 1 _aRU
_bNLR
_c20091016
942 _cBOOK
980 _aNB